Countries With the Highest Average Elevation by Continent - Statistics

General Stats
  • This quiz has been taken 54 times
  • The average score is 21 of 28
Answer Stats
Hint Answer % Correct
Asia Nepal
98%
Asia Bhutan
92%
North America Mexico
92%
Europe Switzerland
92%
North America United States
92%
Europe Austria
90%
South America Chile
90%
South America Argentina
88%
South America Bolivia
86%
South America Ecuador
86%
Oceania New Zealand
86%
South America Peru
86%
Oceania Papua New Guinea
84%
Oceania Australia
82%
Europe Andorra
80%
North America Guatemala
75%
North America Honduras
73%
North America Costa Rica
71%
Africa Rwanda
71%
Asia Tajikistan
69%
Africa Burundi
67%
Asia Kyrgyzstan
67%
Asia Afghanistan
59%
Africa Lesotho
55%
Africa Ethiopia
49%
Europe Kosovo
39%
Europe Montenegro
35%
Africa Namibia
20%
No matching quizzes found
Score Distribution
Percent of People with Each Score
Percentile by Number Answered
Your Score History
You have not taken this quiz